00342nam a2200133Ia 45000030006000000080041000060400015000471000018000622450045000802600048001253000006001735460012001790050017001910STCL150530s9999 xx 000 0 und d aSTCLcSTCL aKarunagaran A aReserve Bank of India Bulletin July:2007 bReserve Bank of India; Mumbaic2007aMumbai a0 aEnglish20220125165425.0